Statistics for 2022 NCAA FOOTBALL WEEK 1 RANKINGS

Click here to take the quiz!

General Stats

  • This quiz has been taken 28 times
  • The average score is 19 of 25

Answer Stats

HintAnswer% Correct
1Alabama
100%
3Georgia
100%
14USC
100%
8Michigan
96%
2Ohio State
96%
9Oklahoma
96%
4Clemson
88%
11Oregon
88%
21Ole Miss
84%
6Texas A&M
84%
15Michigan State
80%
16Miami
76%
12Oklahoma State
76%
7Utah
76%
10Baylor
68%
5Notre Dame
64%
20Kentucky
60%
17Pittsburgh
60%
18Wisconsin
60%
19Arkansas
56%
13NC State
56%
23Cincinnati
52%
22Wake Forest
52%
25BYU
48%
24Houston
44%

Score Distribution

Percentile by Number Answered

Percent of People with Each Score

Your Score History

You have not taken this quiz